000 00867nab a2200253 u 4500
001 16648
003 HDC
007 cr bn ---aaaaa
008 210221c20120607my dr|noo 0 a eng d
040 _aHDC
100 _aNaumaan Farooq
_eauthor
_916372
245 0 _aUK: Islamic scholars say 'NO to machine slaughtered animals' / by
_cNaumaan Farooq
260 _a[No place] :
_b[publisher not identified],
_c2012
336 _atext
_2rdacontent
337 _acomputer
_2rdamedia
338 _aonline resource
_2rdacarrier
650 _amachine slaughter
_916369
650 _ameat and poultry
_916099
710 _aHalal Focus
856 _zRequest full-text at [email protected]
942 _2lcc
942 _cNEWS
942 _kNWSO 005732
999 _c13964
_d13964